|
|
|
|
| LEADER |
01009nam a2200253 a 4500 |
| 001 |
13935548 |
| 008 |
090709s2006 mau b 001 0 eng d |
| 010 |
|
|
|a 2005011205
|
| 020 |
|
|
|a 9781405107730 (hardcover : alk. paper)
|
| 020 |
|
|
|a 1405107731 (hardcover : alk. paper)
|
| 020 |
|
|
|a 9781405107747 (pbk. : alk. paper)
|
| 020 |
|
|
|a 140510774X (pbk. : alk. paper)
|
| 040 |
|
|
|a DLC
|c DLC
|d DLC
|
| 082 |
0 |
0 |
|a 809.3
|2 22
|
| 245 |
0 |
4 |
|a The novel :
|b an anthology of criticism and theory, 1900-2000 /
|c edited by Dorothy J. Hale.
|
| 260 |
|
|
|a Malden, Mass. :
|b Blackwell Pub.,
|c 2006.
|
| 300 |
|
|
|a xiv, 821 p. ;
|c 27 cm.
|
| 504 |
|
|
|a Includes bibliographical references and index.
|
| 541 |
1 |
|
|e 00016546
|
| 650 |
|
0 |
|a Fiction
|x History and criticism
|x Theory, etc.
|
| 700 |
1 |
|
|a Hale, Dorothy J.
|
| 852 |
4 |
|
|a Ayesha Abed Library
|j General shelf
|
| 999 |
|
|
|c 2261
|d 2261
|
| 952 |
|
|
|0 0
|1 0
|2 ddc
|4 0
|6 809_300000000000000_NOV_2006
|7 0
|9 2085
|a BRACUL
|b BRACUL
|c GEN
|d 2009-07-12
|l 0
|o 809.3 NOV
|p 3010016546
|r 2009-07-12
|t 1
|w 2009-07-12
|y BK
|